| 000 | 00926nam a2200265Ia 4500 | ||
|---|---|---|---|
| 003 | OSt | ||
| 005 | 20220923220816.0 | ||
| 006 | a|||||r|||| 00| 0 | ||
| 007 | ta | ||
| 008 | 220922b |||||||| |||| 00| 0 hin d | ||
| 024 | _a190,711 | ||
| 037 | _cTextual | ||
| 040 |
_aARTS _cARTS _bhin |
||
| 041 |
_2hin _ahin |
||
| 082 | _aR65,6:g, 152L5 | ||
| 100 | _aविवेकानन्द, स्वामी | ||
| 245 | 0 | _aभगवान श्री कृष्ण और भगवत् गीता | |
| 246 | _aBhagavān shrī kṛuṣhṇa aur bhagavat gītā | ||
| 250 | _aसंस्क0 4 | ||
| 260 |
_aनागपुर _b श्री रामकृष्ण आश्रम _c1975 |
||
| 300 |
_a2]109पृ. _ccm. |
||
| 650 | _aभारतीय दर्शन | ||
| 942 |
_hR65,6:g, 152L5 _cTEXL _2CC |
||
| 999 |
_c343483 _d343483 |
||